| 000 | 00367nam a2200145 i 4500 | ||
|---|---|---|---|
| 001 | bg | ||
| 100 | 1 | _aWSIEWOŁODOWA, H. | |
| 245 | 0 |
_aSłownik dydaktyczny rosyjsko-polski / _cH. Wsiewołodowa, J. Kurbatowa. |
|
| 260 |
_aWarszawa, _c1983. |
||
| 700 | 1 | _aKURBATOWA, J. | |
| 040 | _cBPK | ||
| 041 | _apol | ||
| 942 | _cKS | ||
| 008 | s pl f |000 0 pol | ||
| 999 |
_c22550 _d22550 |
||
| 856 |
_uhttp://koha.tu.koszalin.pl/cgi-bin/koha/opac-detail.pl?biblionumber=22550 _yKatalog online BPK |
||